Normal view
MARC view
Entry Personal Name
001 - CONTROL NUMBER
- control field: 81617
003 - CONTROL NUMBER IDENTIFIER
- control field: OSt
005 - DATE AND TIME OF LATEST TRANSACTION
- control field: 20221214153838.0
008 - FIXED-LENGTH DATA ELEMENTS
- fixed length control field: 221214|| aca||aabn | a|a d
040 ## - CATALOGING SOURCE
- Original cataloging agency: OSt
- Transcribing agency: OSt
100 ## - HEADING--PERSONAL NAME
- Personal name: चत्ता. नन्दलाल
670 ## - SOURCE DATA FOUND
- Source citation: Work cat.: (OSt)65759: चत्ता. नन्दलाल , भारत की अदभुत लोोक कथाऍं , 2022









